000 01244nam0a22002531 4500
001 rc\3171200
005 20260408074904.0
021 _aRU
_bРг15607-76
021 _aRU
_b76-73152
035 _a(NLR Aleph) 007308212
090 _a5782165
_c5782165
100 _a20120615d1976 |||y0rusy50 ca
101 0 _arus
102 _aRU
105 _ay z |||||
200 1 _aРекомендации по совершенствованию материально-технического обеспечения межхозяйственных и аграрно-промышленных предприятий и объединений
_fРост. обл. произв. упр. сел. хоз-ва. Рост. обл. объединение "Сельхозтехника". Северо-Кавк. филиал ВНИИЭСХ. Рост. обл. с.-х. выставка
210 _aРостов-на-Дону
_cБ. и.
_d1976
215 _a19 с.
_d20
712 0 2 _aРостовское областное производственное управление сельского хозяйства
_3RU\NLR\AUTH\8810066929
_9635504
801 0 _aRU
_bNLR
_gpsbo
801 1 _aRU
_bELAR
_2rusmarc
852 _aNLR
_j76-4/29984
942 _cBOOK
980 _aNB